La innovación en la escuela: una pasión hecha proyecto
Trata de la formación de los maestros,la innovación de sus clases, el método empleado para beneficio de la educación con el compromiso de mostrar la manera más fácil de innovar, evaluar y descubrir nuevos metodos de aprendizaje.
Gardado en:
| Autor Corporativo: | |
|---|---|
| Formato: | Libro |
| Idioma: | Spanish |
| Publicado: |
Bogotá:
IDEP,
1999
|
| Edición: | 1 |
| Series: | Vida de maestro;
No. 2 |
| Subjects: | |
| Acceso en liña: | Para acceder al PDF haga clic aquí |
| Tags: |
Engadir etiqueta
Sen Etiquetas, Sexa o primeiro en etiquetar este rexistro!
|
MARC
| LEADER | 00000nam a2200000 a 4500 | ||
|---|---|---|---|
| 001 | 000454 | ||
| 003 | OSt | ||
| 005 | 20181012085014.0 | ||
| 008 | 021029s1999 ck aa fr## o000|0#spa#d | ||
| 999 | |c 2607 |d 2607 | ||
| 020 | |a 958-8018-20-X | ||
| 040 | |c CNA-IDEP | ||
| 041 | 0 | |a spa | |
| 043 | |a s-ck--- | ||
| 082 | 0 | 4 | |a 371.3 |b B535i |
| 110 | 1 | |a Bogotá. |b Alcaldía Mayor. |b Instituto para la Investigación Educativa y el Desarrollo Pedagógico |9 5222 | |
| 245 | 1 | 3 | |a La innovación en la escuela: una pasión hecha proyecto |c IDEP |
| 250 | |a 1 | ||
| 260 | |a Bogotá: |b IDEP, |c 1999 | ||
| 300 | |a 180 p.: |b il. | ||
| 440 | 0 | |a Vida de maestro; |v No. 2 |9 5323 | |
| 504 | |a Incluye bibliografía y recomendaciones bibliográficas | ||
| 520 | 3 | |a Trata de la formación de los maestros,la innovación de sus clases, el método empleado para beneficio de la educación con el compromiso de mostrar la manera más fácil de innovar, evaluar y descubrir nuevos metodos de aprendizaje. | |
| 650 | 1 | 4 | |a INNOVACIONES EDUCATIVAS |z COLOMBIA |9 1258 |
| 650 | 1 | 4 | |a FORMACIÓN PROFESIONAL DE MAESTROS |9 1061 |
| 856 | |u http://biblioteca.idep.edu.co/libros/Vida_de_Maestro_No_2_Las_Innovaciones_en_la_Escuela.pdf |y Para acceder al PDF haga clic aquí | ||
| 942 | |2 ddc |c BK | ||